000 01581nad a2200421 a 4500
001 MIU01000000000000011663840
003 MiU
005 20231010141445.0
007 cr mnummmmuuuu
008 090713s2010 hu sb 001 0 eng d
024 7 _a2027/heb09345
_2hdl
040 _aNyNyACL
_cNyNyACL
090 _aJZ1318
_b(INTERNET)
100 1 _aSabanadze, Natalie.
_948948
245 1 0 _aGlobalization and nationalism
_h[electronic resource] :
_bthe cases of Georgia and the Basque country /
_cNatalie Sabanadze.
300 _aviii, 209 p. ;
_c24 cm.
504 _aIncludes bibliographical references and index.
650 0 _xPolitical aspects
_vCase studies.
_948949
650 0 _vCase studies.
_9311
650 0 _zSpain
_zPaís Vasco.
_948950
650 0 _zGeorgia (Republic).
_948951
651 0 _aPaís Vasco (Spain)
_xHistory
_xAutonomy and independence movements.
_948952
651 0 _aGeorgia (Republic)
_xHistory
_xAutonomy and independence movements.
_948953
830 0 _aACLS Humanities E-Book.
_948954
856 4 0 _zVolltext
_uhttps://hdl.handle.net/2027/heb09345
942 _cEB
500 _aE-Book-ACLS / Zugriff nur im DHI-Lesesaal
653 _aGlobalization
653 _aNationalism
653 _aNationalism
653 _aNationalism
336 _2rdacontent
_btxt
_aText
337 _2rdamedia
_bbc
_aComputermedien
338 _2rdacarrier
_bcr
_aOnline Ressource
264 _aBudapest ;
_bCentral European University Press,
_c2010.
041 _aeng
500 _aAmerican Council of Learned Societies/ https://www.humanitiesebook.org/about/
999 _c67844
_d67844